Resum de les comunicacions presentades al Congrés de Cultura Tradicional i Popular
Publicado:
Barcelona :
Departament de Cultura i Mitjans de Comunicació de la Generalitat de Catalunya ,
1981
Descripción Física:
[224] p. ; 24 cm
MARC
| LEADER | 00000nam a2200000Ia 4500 | ||
|---|---|---|---|
| 001 | 1449 | ||
| 008 | 160829s1981 xx 000 0 cat d | ||
| 080 | |a M-2-51 | ||
| 100 | |a Congrés de Cultura Tradidional i Popular |9 22348 | ||
| 245 | |a Resum de les comunicacions presentades al Congrés de Cultura Tradicional i Popular | ||
| 260 | |a Barcelona : |b Departament de Cultura i Mitjans de Comunicació de la Generalitat de Catalunya, |c 1981 | ||
| 300 | |a [224] p. ; |c 24 cm | ||
| 590 | |a A la part superior de la portada: Servei de Promoció Cultural | ||
| 650 | |a Folklore |x Catalunya |x Congressos |9 22349 | ||
| 650 | |a Cultura popular |x Catalunya |x Congressos |9 22350 | ||
| 901 | |a Arxiu | ||
| 942 | |n 1 | ||
| 952 | |0 0 |1 0 |4 0 |6 M251 |7 1 |9 42179 |a Arxiu |b Arxiu |d 2016-12-01 |l 0 |o M-2-51 |p 1449 |r 2016-12-01 00:00:00 |w 2016-12-01 |y ARXIU | ||
| 999 | |c 44626 |d 44626 | ||